Municipalities of Polk County, Wisconsin - Statistics

General Stats
  • This quiz has been taken 16 times
  • The average score is 6 of 37
Answers on the Map
Answers color-coded by a green-red scale on the quiz's map according to % correct below.
 
Answer Stats
Answer % Correct
City of St. Croix Falls
67%
Town of St. Croix Falls
67%
Town of Osceola
50%
Village of Dresser
50%
Village of Osceola
50%
City of Amery
33%
Town of Luck
33%
Village of Frederic
33%
Village of Luck
33%
Village of Turtle Lake
33%
Census Designated Place of Lewis
17%
Town of Apple River
17%
Town of Balsam Lake
17%
Town of Clayton
17%
Town of Clear Lake
17%
Town of Farmington
17%
Town of Lincoln
17%
Village of Balsam Lake
17%
Village of Centuria
17%
Village of Clayton
17%
Village of Clear Lake
17%
Town of Alden
0%
Town of Beaver
0%
Town of Black Brook
0%
Town of Bone Lake
0%
Town of Clam Falls
0%
Town of Eureka
0%
Town of Garfield
0%
Town of Georgetown
0%
Town of Johnstown
0%
Town of Laketown
0%
Town of Lorain
0%
Town of McKinley
0%
Town of Milltown
0%
Town of Sterling
0%
Town of West Sweden
0%
Village of Milltown
0%
No matching quizzes found
Score Distribution
Percent of People with Each Score
Percentile by Number Answered
Your Score History
You have not taken this quiz